| 000 | 00705nam a2200205Ia 4500 | ||
|---|---|---|---|
| 003 | IN-BaIIA | ||
| 008 | 211028s9999 xx 000 0 eng d | ||
| 040 | _cIIA Library | ||
| 080 |
_a520.2(082.2) _bNASA |
||
| 100 |
_aDailey, C. _912527 |
||
| 245 | 0 |
_aHeao science symposium held at MSFC May 8-9 1979 _cC. Dailey and Johnson W. |
|
| 260 |
_aWashington _bNational Aeronautics and Space Administration _c1979 |
||
| 300 | _av, 459p. | ||
| 490 | _aNASA conference publication; 2113 | ||
| 650 | _aAstronomy and astrophysics thesaurus | ||
| 650 |
_aSpace telescopes:Heao _912528 |
||
| 650 |
_aTelescopes _91997 |
||
| 700 |
_aJohnson, W. _912529 |
||
| 942 | _cBK | ||
| 999 |
_c7310 _d7310 |
||